000 00732nam a2200253Ia 4500
003 OSt
005 20221007075403.0
006 a|||||r|||| 00| 0
007 ta
008 221006b |||||||| |||| 00| 0 eng d
024 _a2,356
037 _cReference Collections
040 _aFLL
_cFLL
_beng
041 _2eng
_aeng
082 _aZQ7, 1986
100 _aHasan I.F. Au.
_9693866
245 0 _aFatawa-I-kazee khan
_b Mahomedan law
260 _aNew Delhi
_bKitab Bhavan India
_c1986
490 _vVol.2
650 _aFatawa-I-kazee khan
_9693867
700 _a Uzjandi M.A. Au.
_9693868
942 _hZQ7, 1986
_cREF
_2CC
999 _c1155884
_d1155884